000 00443nam a2200157 i 4500
001 64446
003 ES-MaACL
005 20230906165130.0
007 t|
008 031224s1962 sp ||||1| spa d
100 1 _aFolliet, Joseph.
_951473
245 1 3 _aEl pueblo y la cultura
_b: (a ti Calibán) /
_cJoseph Folliet.
260 _aMadrid :
_bEditorial Popular,
_c[1962]
300 _a247 p. ;
_c18 cm.
852 _aES-MaACL
_jC-22750
_bR.51023
999 _c64446
_d64446